[Event "World Chess Olympiad 2018"]
[Site "Batumi"]
[Date "2018.09.26"]
[Round "3"]
[Board "3"]
[WhiteFideId "7200315"]
[White "Poulsen Martin"]
[BlackFideId "5600359"]
[Black "Psaila Clarence"]
[Result "1/2-1/2"]
[LiveChessVersion "1.4.8"]
[BlackElo "2002"]
[WhiteElo "2239"]

1. b3 {[%clk 1:30:56]} e5 {[%clk 1:30:52]} 2. Bb2 {[%clk 1:31:20]} Nc6
{[%clk 1:31:19]} 3. c4 {[%clk 1:29:13]} g6 {[%clk 1:31:20]} 4. g3
{[%clk 1:18:22]} Bg7 {[%clk 1:29:25]} 5. Bg2 {[%clk 1:18:44]} d6 {[%clk 1:28:38]}
6. Nc3 {[%clk 1:10:54]} f5 {[%clk 1:28:24]} 7. e3 {[%clk 1:05:57]} Nf6
{[%clk 1:25:29]} 8. Nge2 {[%clk 0:37:26]} O-O {[%clk 1:24:33]} 9. d3
{[%clk 0:35:30]} Ne7 {[%clk 1:23:17]} 10. Nd5 {[%clk 0:30:04]} c6
{[%clk 1:20:18]} 11. Nxf6+ {[%clk 0:29:48]} Bxf6 {[%clk 1:20:24]} 12. O-O
{[%clk 0:29:19]} g5 {[%clk 1:12:01]} 13. f4 {[%clk 0:23:09]} Ng6 {[%clk 1:08:45]}
14. d4 {[%clk 0:18:55]} e4 {[%clk 1:00:09]} 15. fxg5 {[%clk 0:14:45]} Bxg5
{[%clk 1:00:21]} 16. Nf4 {[%clk 0:10:47]} Nxf4 {[%clk 0:56:34]} 17. gxf4
{[%clk 0:09:13]} Bf6 {[%clk 0:55:54]} 18. Kh1 {[%clk 0:09:20]} Kh8
{[%clk 0:54:57]} 19. Rg1 {[%clk 0:09:34]} Bd7 {[%clk 0:53:29]} 20. Bh3
{[%clk 0:09:12]} Qe8 {[%clk 0:51:46]} 21. Qe2 {[%clk 0:06:09]} Qf7
{[%clk 0:51:12]} 22. Rg3 {[%clk 0:04:47]} Rg8 {[%clk 0:50:45]} 23. Rag1
{[%clk 0:04:50]} Rxg3 {[%clk 0:47:33]} 24. Rxg3 {[%clk 0:04:33]} Rg8
{[%clk 0:47:48]} 25. Ba3 {[%clk 0:04:41]} Rxg3 {[%clk 0:44:03]} 26. hxg3
{[%clk 0:05:06]} Qg6 {[%clk 0:44:16]} 27. Kh2 {[%clk 0:04:26]} Be7
{[%clk 0:36:29]} 28. Bb4 {[%clk 0:04:31]} h5 {[%clk 0:30:29]} 29. Be1
{[%clk 0:04:09]} Kg7 {[%clk 0:27:29]} 30. Qb2 {[%clk 0:03:58]} Kh6
{[%clk 0:23:45]} 31. Qa3 {[%clk 0:02:52]} h4 {[%clk 0:21:22]} 32. gxh4
{[%clk 0:01:51]} Qh5 {[%clk 0:21:35]} 33. Qb2 {[%clk 0:01:28]} Bxh4
{[%clk 0:21:34]} 34. Bxh4 {[%clk 0:01:10]} Qxh4 {[%clk 0:22:02]} 35. d5
{[%clk 0:00:40]} Qe7 {[%clk 0:17:51]} 36. Qh8+ {[%clk 0:00:50]} Kg6
{[%clk 0:18:06]} 37. Kg3 {[%clk 0:00:47]} c5 {[%clk 0:16:30]} 38. Qg8+
{[%clk 0:00:45]} Qg7 {[%clk 0:16:17]} 39. Qd8 {[%clk 0:00:39]} Kh5+
{[%clk 0:15:24]} 40. Kh2 {[%clk 0:30:37]} Qb2+ {[%clk 0:41:14]} 41. Bg2
{[%clk 0:28:49]} Qg7 {[%clk 0:40:54]} 42. Bf1 {[%clk 0:22:42]} Kg6
{[%clk 0:22:54]} 43. Qc7 {[%clk 0:20:04]} Qe7 {[%clk 0:15:38]} 44. Kg3
{[%clk 0:14:32]} Kf6 {[%clk 0:14:55]} 45. Qxb7 {[%clk 0:05:34]} Qg7+
{[%clk 0:15:13]} 46. Kf2 {[%clk 0:04:55]} Qg4 {[%clk 0:05:09]} 47. Bg2
{[%clk 0:02:10]} Qd1 {[%clk 0:02:49]} 48. Qxd7 {[%clk 0:01:43]} Qd2+
{[%clk 0:03:11]} 49. Kf1 {[%clk 0:01:20]} Qd1+ {[%clk 0:03:33]} 50. Kf2
{[%clk 0:01:47]} Qd2+ {[%clk 0:04:01]} 51. Kg1 {[%clk 0:00:57]} Qe1+
{[%clk 0:01:46]} 52. Kh2 {[%clk 0:00:35]} Qh4+ {[%clk 0:02:10]} 53. Bh3
{[%clk 0:00:41]} Qf2+ {[%clk 0:02:33]} 54. Bg2 {[%clk 0:01:01]} Qh4+
{[%clk 0:02:58]} 55. Bh3 {[%clk 0:01:25]} Qf2+ {[%clk 0:03:25]} 56. Kh1
{[%clk 0:01:42]} Qe1+ {[%clk 0:02:58]} 57. Kg2 {[%clk 0:01:43]} Qe2+
{[%clk 0:03:11]} 58. Kh1 {[%clk 0:01:29]} Qe1+ {[%clk 0:03:31]} 59. Kg2
{[%clk 0:01:46]} Qe2+ {[%clk 0:03:59]} 60. Kg1 {[%clk 0:01:49]} Qxe3+
{[%clk 0:03:47]} 61. Kg2 {[%clk 0:00:39]} Qf3+ {[%clk 0:02:57]} 62. Kh2
{[%clk 0:00:56]} Qxf4+ {[%clk 0:02:39]} 63. Kg2 {[%clk 0:01:07]} Qf3+
{[%clk 0:02:57]} 64. Kh2 {[%clk 0:01:32]} Qf4+ {[%clk 0:03:05]} 65. Kh1
{[%clk 0:01:12]} Qc1+ {[%clk 0:02:03]} 66. Kh2 {[%clk 0:01:03]} Qf4+
{[%clk 0:02:27]} 67. Kg2 {[%clk 0:01:25]} 1/2-1/2

[Event "World Chess Olympiad 2018"]
[Site "Batumi"]
[Date "2018.09.26"]
[Round "3"]
[Board "4"]
[WhiteFideId "5600405"]
[White "Said Oliver"]
[BlackFideId "7200277"]
[Black "Samuelsen Carl Eli Nolsoe"]
[Result "0-1"]
[LiveChessVersion "1.4.8"]
[BlackElo "2237"]
[WhiteElo "1924"]

1. e4 {[%clk 1:30:55]} c5 {[%clk 1:30:47]} 2. Nf3 {[%clk 1:31:06]} e6
{[%clk 1:31:04]} 3. d4 {[%clk 1:31:20]} cxd4 {[%clk 1:31:27]} 4. Nxd4
{[%clk 1:31:18]} a6 {[%clk 1:31:41]} 5. Nc3 {[%clk 1:30:30]} Qc7 {[%clk 1:31:54]}
6. g3 {[%clk 1:30:05]} Nf6 {[%clk 1:27:12]} 7. Bg2 {[%clk 1:29:52]} d6
{[%clk 1:27:11]} 8. O-O {[%clk 1:28:48]} Be7 {[%clk 1:26:47]} 9. Re1
{[%clk 1:27:02]} O-O {[%clk 1:22:08]} 10. a4 {[%clk 0:59:53]} Nbd7
{[%clk 1:13:31]} 11. Qd2 {[%clk 0:54:06]} Ne5 {[%clk 1:07:05]} 12. b3
{[%clk 0:53:45]} Bd7 {[%clk 1:04:33]} 13. Ba3 {[%clk 0:43:30]} Rac8
{[%clk 0:58:16]} 14. Nde2 {[%clk 0:36:35]} Rfd8 {[%clk 0:54:21]} 15. Rad1
{[%clk 0:35:25]} Be8 {[%clk 0:51:55]} 16. h3 {[%clk 0:30:58]} b5 {[%clk 0:46:43]}
17. axb5 {[%clk 0:26:53]} axb5 {[%clk 0:45:01]} 18. Bb4 {[%clk 0:26:04]} Qb6
{[%clk 0:33:18]} 19. Nd4 {[%clk 0:23:17]} Nc6 {[%clk 0:29:35]} 20. Nxc6
{[%clk 0:16:16]} Bxc6 {[%clk 0:29:34]} 21. Re3 {[%clk 0:05:23]} Qb7
{[%clk 0:26:28]} 22. Qe2 {[%clk 0:03:18]} Ne8 {[%clk 0:16:39]} 23. Ba5
{[%clk 0:01:43]} Rd7 {[%clk 0:16:45]} 24. Bb4 {[%clk 0:01:55]} Nc7
{[%clk 0:09:17]} 25. Red3 {[%clk 0:01:54]} Rcd8 {[%clk 0:08:20]} 26. Nd5
{[%clk 0:01:40]} Bxd5 {[%clk 0:06:31]} 27. exd5 {[%clk 0:02:01]} e5
{[%clk 0:05:48]} 28. Ba5 {[%clk 0:01:27]} b4 {[%clk 0:04:15]} 29. h4
{[%clk 0:01:16]} Ra8 {[%clk 0:03:43]} 30. Bxc7 {[%clk 0:00:51]} Rxc7
{[%clk 0:03:48]} 31. Be4 {[%clk 0:00:46]} g6 {[%clk 0:03:10]} 32. h5
{[%clk 0:00:41]} f5 {[%clk 0:02:58]} 33. hxg6 {[%clk 0:00:54]} fxe4
{[%clk 0:01:56]} 34. Qxe4 {[%clk 0:00:44]} Bf6 {[%clk 0:01:15]} 35. Qg4
{[%clk 0:00:42]} hxg6 {[%clk 0:00:35]} 36. Qxg6+ {[%clk 0:00:44]} Bg7
{[%clk 0:00:56]} 37. Kg2 {[%clk 0:00:45]} e4 {[%clk 0:00:47]} 38. Rd4
{[%clk 0:00:34]} Rxc2 {[%clk 0:01:01]} 39. Rh1 {[%clk 0:00:37]} Qf7
{[%clk 0:00:34]} 40. Qh7+ {[%clk 0:30:33]} Kf8 {[%clk 0:30:55]} 41. Rdd1
{[%clk 0:30:45]} Rxf2+ {[%clk 0:29:57]} 42. Kg1 {[%clk 0:30:40]} Qf3
{[%clk 0:27:24]} 43. Qh3 {[%clk 0:26:47]} Qxd1+ {[%clk 0:27:28]} 44. Kxf2
{[%clk 0:27:06]} Bd4+ {[%clk 0:26:35]} 0-1

[Event "World Chess Olympiad 2018"]
[Site "Batumi"]
[Date "2018.09.26"]
[Round "3"]
[Board "1"]
[WhiteFideId "9916148"]
[White "Piyumantha M Sasith Nipun"]
[BlackFideId "800090"]
[Black "Godena Michele"]
[Result "1/2-1/2"]
[LiveChessVersion "1.4.8"]
[BlackElo "2501"]
[WhiteElo "2139"]

1. d4 {[%clk 1:30:54]} d5 {[%clk 1:30:53]} 2. c4 {[%clk 1:31:01]} dxc4
{[%clk 1:31:08]} 3. e3 {[%clk 1:31:21]} e5 {[%clk 1:17:22]} 4. Bxc4
{[%clk 1:30:51]} exd4 {[%clk 1:17:45]} 5. exd4 {[%clk 1:30:57]} Bd6
{[%clk 1:18:04]} 6. Nf3 {[%clk 1:30:35]} Nf6 {[%clk 1:18:26]} 7. O-O
{[%clk 1:30:58]} O-O {[%clk 1:18:50]} 8. Nc3 {[%clk 1:30:05]} Nc6
{[%clk 1:17:12]} 9. Bg5 {[%clk 1:27:04]} h6 {[%clk 1:16:14]} 10. Bh4
{[%clk 1:19:34]} Bg4 {[%clk 1:14:37]} 11. h3 {[%clk 0:49:49]} Bxf3
{[%clk 1:14:44]} 12. Qxf3 {[%clk 0:47:39]} g5 {[%clk 0:11:12]} 13. Bg3
{[%clk 0:44:47]} Bxg3 {[%clk 0:11:12]} 14. Qxg3 {[%clk 0:32:26]} Qxd4
{[%clk 0:11:28]} 15. Bb5 {[%clk 0:32:45]} Qd6 {[%clk 0:11:09]} 16. Rad1
{[%clk 0:30:19]} Qxg3 {[%clk 0:11:28]} 17. fxg3 {[%clk 0:30:48]} Kg7
{[%clk 0:11:10]} 18. Bxc6 {[%clk 0:26:35]} bxc6 {[%clk 0:11:39]} 19. g4
{[%clk 0:24:32]} Rad8 {[%clk 0:03:05]} 20. Rfe1 {[%clk 0:23:56]} Rd6
{[%clk 0:01:41]} 21. Rc1 {[%clk 0:14:02]} Rd2 {[%clk 0:01:46]} 22. Re2
{[%clk 0:14:31]} Rfd8 {[%clk 0:01:44]} 23. Rc2 {[%clk 0:14:52]} Rxc2
{[%clk 0:01:06]} 24. Rxc2 {[%clk 0:15:16]} Rd3 {[%clk 0:01:07]} 25. Kf1
{[%clk 0:11:34]} c5 {[%clk 0:00:52]} 26. Na4 {[%clk 0:09:52]} Nd5
{[%clk 0:00:50]} 27. Nxc5 {[%clk 0:08:09]} Rxh3 {[%clk 0:01:05]} 28. gxh3
{[%clk 0:04:11]} Ne3+ {[%clk 0:01:34]} 29. Kf2 {[%clk 0:02:37]} Nxc2
{[%clk 0:02:01]} 30. Na6 {[%clk 0:01:04]} c6 {[%clk 0:02:20]} 31. Nb8
{[%clk 0:01:14]} Nb4 {[%clk 0:02:08]} 32. a3 {[%clk 0:01:03]} Nd3+
{[%clk 0:02:31]} 33. Ke2 {[%clk 0:01:00]} Nxb2 {[%clk 0:01:35]} 34. Nxc6
{[%clk 0:01:25]} Nc4 {[%clk 0:01:24]} 35. Nxa7 {[%clk 0:01:48]} Nxa3
{[%clk 0:01:51]} 36. Nc6 {[%clk 0:01:49]} Kf6 {[%clk 0:00:59]} 37. Kf3
{[%clk 0:01:47]} Nc4 {[%clk 0:01:09]} 38. Kg3 {[%clk 0:02:08]} Ne5
{[%clk 0:00:57]} 39. Nd4 {[%clk 0:02:36]} Ng6 {[%clk 0:00:51]} 40. Kf3
{[%clk 0:31:53]} Ke5 {[%clk 0:30:44]} 41. Nf5 {[%clk 0:26:25]} h5
{[%clk 0:19:11]} 42. Nh6 {[%clk 0:25:54]} hxg4+ {[%clk 0:19:29]} 43. Kxg4
{[%clk 0:25:37]} Kf6 {[%clk 0:19:46]} 1/2-1/2

[Event "World Chess Olympiad 2018"]
[Site "Batumi"]
[Date "2018.09.26"]
[Round "3"]
[Board "2"]
[WhiteFideId "865834"]
[White "Moroni Luca Jr"]
[BlackFideId "9912053"]
[Black "Thilakarathne G M H"]
[Result "1/2-1/2"]
[LiveChessVersion "1.4.8"]
[BlackElo "2238"]
[WhiteElo "2547"]

1. d4 {[%clk 1:30:58]} Nf6 {[%clk 1:30:54]} 2. c4 {[%clk 1:31:25]} e6
{[%clk 1:31:17]} 3. g3 {[%clk 1:31:50]} d5 {[%clk 1:31:31]} 4. Bg2
{[%clk 1:32:16]} Be7 {[%clk 1:31:14]} 5. Nf3 {[%clk 1:32:32]} O-O
{[%clk 1:31:34]} 6. O-O {[%clk 1:32:52]} dxc4 {[%clk 1:31:57]} 7. Qc2
{[%clk 1:33:12]} b6 {[%clk 1:29:57]} 8. Ne5 {[%clk 1:32:42]} Qxd4
{[%clk 1:29:29]} 9. Nxf7 {[%clk 1:31:21]} Rxf7 {[%clk 1:21:14]} 10. Bxa8
{[%clk 1:27:09]} Nd5 {[%clk 1:11:54]} 11. Nc3 {[%clk 1:17:10]} c6
{[%clk 1:05:40]} 12. Nxd5 {[%clk 1:12:10]} exd5 {[%clk 1:00:49]} 13. Be3
{[%clk 1:02:02]} Qf6 {[%clk 0:54:48]} 14. Rad1 {[%clk 0:51:02]} Na6
{[%clk 0:44:22]} 15. Bf4 {[%clk 0:42:33]} Bc5 {[%clk 0:30:10]} 16. Qc3
{[%clk 0:36:17]} Qg6 {[%clk 0:18:05]} 17. Be3 {[%clk 0:27:06]} Nc7
{[%clk 0:14:10]} 18. Bxc5 {[%clk 0:23:36]} bxc5 {[%clk 0:14:28]} 19. e4
{[%clk 0:23:00]} Nxa8 {[%clk 0:13:42]} 20. exd5 {[%clk 0:23:24]} cxd5
{[%clk 0:13:17]} 21. Rxd5 {[%clk 0:23:46]} Rf8 {[%clk 0:10:40]} 22. Rfd1
{[%clk 0:22:22]} Bg4 {[%clk 0:08:02]} 23. Re1 {[%clk 0:21:10]} Nb6
{[%clk 0:08:20]} 24. Rxc5 {[%clk 0:19:31]} Qf7 {[%clk 0:06:05]} 25. Qd4
{[%clk 0:17:39]} Bf3 {[%clk 0:05:00]} 26. Rce5 {[%clk 0:15:59]} Nc8
{[%clk 0:04:25]} 27. Rc1 {[%clk 0:14:31]} Nb6 {[%clk 0:04:47]} 28. Rce1
{[%clk 0:14:56]} Nc8 {[%clk 0:05:08]} 29. Qe3 {[%clk 0:10:05]} Bc6
{[%clk 0:04:56]} 30. Rc5 {[%clk 0:09:57]} Bd5 {[%clk 0:03:43]} 31. a4
{[%clk 0:08:08]} h6 {[%clk 0:02:42]} 32. Qd4 {[%clk 0:07:14]} Nb6
{[%clk 0:02:28]} 33. Re5 {[%clk 0:03:51]} Ba8 {[%clk 0:02:35]} 34. Rf5
{[%clk 0:01:20]} Qxf5 {[%clk 0:02:05]} 35. Rxf5 {[%clk 0:01:44]} Rxf5
{[%clk 0:02:30]} 36. f4 {[%clk 0:01:42]} Rd5 {[%clk 0:01:55]} 37. Qc3
{[%clk 0:01:48]} Nxa4 {[%clk 0:01:42]} 38. Qxc4 {[%clk 0:01:42]} Nb6
{[%clk 0:02:07]} 39. Qa2 {[%clk 0:01:44]} Kh7 {[%clk 0:01:40]} 40. Qxa7
{[%clk 0:30:44]} Rd1+ {[%clk 0:32:07]} 41. Kf2 {[%clk 0:31:10]} Rd2+
{[%clk 0:32:33]} 42. Ke1 {[%clk 0:30:14]} Rxb2 {[%clk 0:30:44]} 43. f5
{[%clk 0:28:55]} 1/2-1/2

[Event "World Chess Olympiad 2018"]
[Site "Batumi"]
[Date "2018.09.26"]
[Round "3"]
[Board "3"]
[WhiteFideId "9910760"]
[White "Doluweera Minul Sanjula"]
[BlackFideId "813613"]
[Black "Brunello Sabino"]
[Result "0-1"]
[LiveChessVersion "1.4.8"]
[BlackElo "2552"]
[WhiteElo "2171"]

1. d4 {[%clk 1:30:55]} Nf6 {[%clk 1:30:53]} 2. c4 {[%clk 1:31:19]} e6
{[%clk 1:31:20]} 3. Nf3 {[%clk 1:31:45]} Bb4+ {[%clk 1:31:46]} 4. Nbd2
{[%clk 1:32:00]} O-O {[%clk 1:31:42]} 5. g3 {[%clk 1:32:07]} d5 {[%clk 1:22:20]}
6. Bg2 {[%clk 1:28:35]} dxc4 {[%clk 1:20:05]} 7. O-O {[%clk 1:23:46]} b5
{[%clk 1:20:20]} 8. b3 {[%clk 1:17:59]} c3 {[%clk 0:56:23]} 9. Nb1
{[%clk 1:18:05]} Bb7 {[%clk 0:56:34]} 10. a3 {[%clk 1:17:41]} Be4
{[%clk 0:53:33]} 11. Qe1 {[%clk 1:04:42]} c2 {[%clk 0:37:35]} 12. Nc3
{[%clk 1:04:56]} Bxc3 {[%clk 0:35:59]} 13. Qxc3 {[%clk 1:05:19]} Nc6
{[%clk 0:30:38]} 14. Bb2 {[%clk 0:56:18]} b4 {[%clk 0:10:55]} 15. axb4
{[%clk 0:34:25]} Rb8 {[%clk 0:11:03]} 16. Ra4 {[%clk 0:27:01]} Qd5
{[%clk 0:08:19]} 17. Rc1 {[%clk 0:17:41]} a5 {[%clk 0:05:47]} 18. Ne1
{[%clk 0:15:10]} Bxg2 {[%clk 0:03:40]} 19. Nxg2 {[%clk 0:15:37]} Nxb4
{[%clk 0:04:03]} 20. Ne3 {[%clk 0:11:55]} Qh5 {[%clk 0:02:47]} 21. Qc4
{[%clk 0:09:10]} Nfd5 {[%clk 0:00:59]} 22. Nxc2 {[%clk 0:08:56]} Nb6
{[%clk 0:01:15]} 23. Qc3 {[%clk 0:06:09]} Nxa4 {[%clk 0:01:39]} 24. bxa4
{[%clk 0:06:16]} Na2 {[%clk 0:02:05]} 0-1

[Event "World Chess Olympiad 2018"]
[Site "Batumi"]
[Date "2018.09.26"]
[Round "3"]
[Board "4"]
[WhiteFideId "818860"]
[White "Valsecchi Alessio"]
[BlackFideId "9901302"]
[Black "Kavinda Akila"]
[Result "1-0"]
[LiveChessVersion "1.4.8"]
[BlackElo "2047"]
[WhiteElo "2500"]

1. e4 {[%clk 1:30:55]} c5 {[%clk 1:30:56]} 2. Nf3 {[%clk 1:31:15]} d6
{[%clk 1:31:21]} 3. d4 {[%clk 1:31:33]} cxd4 {[%clk 1:31:47]} 4. Nxd4
{[%clk 1:31:57]} Nf6 {[%clk 1:32:13]} 5. Nc3 {[%clk 1:32:19]} a6 {[%clk 1:32:39]}
6. h3 {[%clk 1:32:09]} e5 {[%clk 1:32:58]} 7. Nde2 {[%clk 1:32:23]} h5
{[%clk 1:28:39]} 8. g3 {[%clk 1:32:31]} Be6 {[%clk 1:27:03]} 9. Bg2
{[%clk 1:32:40]} Nbd7 {[%clk 1:24:42]} 10. a4 {[%clk 1:32:37]} Be7
{[%clk 1:23:44]} 11. Be3 {[%clk 1:28:59]} Nb6 {[%clk 1:12:15]} 12. b3
{[%clk 1:28:27]} d5 {[%clk 1:09:51]} 13. Bxb6 {[%clk 1:26:54]} Qxb6
{[%clk 1:08:42]} 14. Nxd5 {[%clk 1:26:37]} Nxd5 {[%clk 1:09:05]} 15. exd5
{[%clk 1:27:01]} Bf5 {[%clk 0:58:04]} 16. O-O {[%clk 1:24:21]} O-O
{[%clk 0:43:39]} 17. c4 {[%clk 1:20:25]} Qg6 {[%clk 0:42:22]} 18. Qd2
{[%clk 1:12:04]} Rac8 {[%clk 0:25:22]} 19. a5 {[%clk 1:09:17]} Bc2
{[%clk 0:18:21]} 20. Qc3 {[%clk 1:07:34]} Bd3 {[%clk 0:11:55]} 21. Ra2
{[%clk 1:06:38]} Bc5 {[%clk 0:08:53]} 22. Rd1 {[%clk 1:00:40]} e4
{[%clk 0:06:57]} 23. Nf4 {[%clk 0:57:34]} Qxg3 {[%clk 0:06:24]} 24. Nxd3
{[%clk 0:57:45]} exd3 {[%clk 0:05:18]} 25. b4 {[%clk 0:56:44]} Ba7
{[%clk 0:05:44]} 26. c5 {[%clk 0:53:00]} Qf4 {[%clk 0:06:06]} 27. Qd2
{[%clk 0:52:49]} Qh4 {[%clk 0:02:17]} 28. Ra3 {[%clk 0:46:46]} Rfe8
{[%clk 0:02:25]} 29. Rxd3 {[%clk 0:46:56]} Re5 {[%clk 0:02:18]} 30. Re1
{[%clk 0:41:51]} Rce8 {[%clk 0:00:42]} 31. Rxe5 {[%clk 0:41:55]} Rxe5
{[%clk 0:01:07]} 32. d6 {[%clk 0:41:57]} Bb8 {[%clk 0:00:49]} 33. Bxb7
{[%clk 0:40:23]} Qf6 {[%clk 0:00:34]} 34. Bg2 {[%clk 0:38:55]} Rg5
{[%clk 0:00:34]} 35. Rd5 {[%clk 0:29:31]} Rg6 {[%clk 0:00:34]} 36. Qe3
{[%clk 0:29:11]} Qa1+ {[%clk 0:00:39]} 37. Kh2 {[%clk 0:29:35]} Re6
{[%clk 0:00:56]} 38. Qd4 {[%clk 0:28:34]} Qc1 {[%clk 0:00:42]} 39. Re5
{[%clk 0:27:12]} Qh6 {[%clk 0:00:32]} 40. Rxe6 {[%clk 0:55:15]} Qxe6
{[%clk 0:30:55]} 41. Bb7 {[%clk 0:53:15]} g5 {[%clk 0:25:06]} 42. Bxa6
{[%clk 0:52:32]} g4 {[%clk 0:25:12]} 43. Qf4 {[%clk 0:50:07]} gxh3
{[%clk 0:20:22]} 44. Bc4 {[%clk 0:48:27]} Qg6 {[%clk 0:09:28]} 45. Qg3
{[%clk 0:46:54]} 1-0

[Event "World Chess Olympiad 2018"]
[Site "Batumi"]
[Date "2018.09.26"]
[Round "3"]
[Board "1"]
[WhiteFideId "503142"]
[White "Nyback Tomi"]
[BlackFideId "16301188"]
[Black "Bai Adelard"]
[Result "1-0"]
[LiveChessVersion "1.4.8"]
[BlackElo "2111"]
[WhiteElo "2579"]

1. d4 {[%clk 1:30:57]} d5 {[%clk 1:29:09]} 2. c4 {[%clk 1:31:18]} c6
{[%clk 1:29:33]} 3. Nf3 {[%clk 1:31:42]} Nf6 {[%clk 1:29:54]} 4. e3
{[%clk 1:32:05]} Bf5 {[%clk 1:30:18]} 5. Nc3 {[%clk 1:32:16]} e6 {[%clk 1:30:40]}
6. Nh4 {[%clk 1:32:01]} Be4 {[%clk 1:31:01]} 7. f3 {[%clk 1:31:55]} Bg6
{[%clk 1:31:17]} 8. Qb3 {[%clk 1:31:10]} Qc7 {[%clk 1:31:43]} 9. Bd2
{[%clk 1:19:51]} Be7 {[%clk 1:32:07]} 10. g3 {[%clk 1:14:01]} Bh5
{[%clk 1:32:32]} 11. Kf2 {[%clk 1:09:23]} g5 {[%clk 1:13:35]} 12. Ng2
{[%clk 1:09:32]} Bg6 {[%clk 1:13:54]} 13. Rc1 {[%clk 0:59:22]} Qd7
{[%clk 1:09:20]} 14. Be2 {[%clk 0:49:26]} Bd6 {[%clk 1:07:14]} 15. e4
{[%clk 0:38:07]} dxe4 {[%clk 1:06:57]} 16. Bxg5 {[%clk 0:38:28]} Be7
{[%clk 1:07:02]} 17. Be3 {[%clk 0:38:41]} exf3 {[%clk 0:52:54]} 18. Bxf3
{[%clk 0:39:01]} Bh5 {[%clk 0:53:15]} 19. Bxh5 {[%clk 0:30:13]} Nxh5
{[%clk 0:53:38]} 20. Rhd1 {[%clk 0:29:58]} Nf6 {[%clk 0:52:05]} 21. Kg1
{[%clk 0:28:04]} Na6 {[%clk 0:50:38]} 22. Bf4 {[%clk 0:20:53]} O-O
{[%clk 0:44:25]} 23. Qc2 {[%clk 0:20:10]} Nc7 {[%clk 0:42:14]} 24. Qe2
{[%clk 0:19:18]} Rad8 {[%clk 0:32:14]} 25. Ne3 {[%clk 0:18:07]} Rfe8
{[%clk 0:25:49]} 26. Be5 {[%clk 0:17:54]} h6 {[%clk 0:24:28]} 27. Rf1
{[%clk 0:16:21]} Nh7 {[%clk 0:24:16]} 28. Rxf7 {[%clk 0:16:11]} Nf6
{[%clk 0:24:11]} 29. Bxf6 {[%clk 0:14:59]} Kxf7 {[%clk 0:24:33]} 30. Qh5+
{[%clk 0:15:04]} Kxf6 {[%clk 0:24:35]} 31. Rf1+ {[%clk 0:15:26]} 1-0

[Event "World Chess Olympiad 2018"]
[Site "Batumi"]
[Date "2018.09.26"]
[Round "3"]
[Board "2"]
[WhiteFideId "3203824"]
[White "Song Raymond"]
[BlackFideId "501840"]
[Black "Agopov Mikael"]
[Result "1/2-1/2"]
[LiveChessVersion "1.4.8"]
[BlackElo "2447"]
[WhiteElo "2305"]

1. Nf3 {[%clk 1:30:57]} c5 {[%clk 1:30:56]} 2. c4 {[%clk 1:31:25]} Nc6
{[%clk 1:31:15]} 3. Nc3 {[%clk 1:31:49]} g6 {[%clk 1:31:31]} 4. e3
{[%clk 1:32:15]} Nf6 {[%clk 1:31:17]} 5. d4 {[%clk 1:32:42]} cxd4
{[%clk 1:31:44]} 6. exd4 {[%clk 1:33:10]} d5 {[%clk 1:32:02]} 7. cxd5
{[%clk 1:33:36]} Nxd5 {[%clk 1:32:29]} 8. Qb3 {[%clk 1:34:03]} e6
{[%clk 1:32:29]} 9. Bg5 {[%clk 1:34:29]} Be7 {[%clk 1:32:17]} 10. Bh6
{[%clk 1:34:55]} Bf8 {[%clk 1:32:27]} 11. Bg5 {[%clk 1:35:21]} Be7
{[%clk 1:32:10]} 12. h4 {[%clk 1:35:48]} h6 {[%clk 1:22:51]} 13. Bxe7
{[%clk 1:35:31]} Ncxe7 {[%clk 1:23:15]} 14. Bc4 {[%clk 1:27:53]} O-O
{[%clk 1:22:42]} 15. O-O {[%clk 1:28:05]} b6 {[%clk 1:17:49]} 16. Bxd5
{[%clk 1:23:47]} Nxd5 {[%clk 1:09:04]} 17. Nxd5 {[%clk 1:24:06]} exd5
{[%clk 1:09:29]} 18. Rfe1 {[%clk 1:18:01]} Be6 {[%clk 1:06:31]} 19. Qe3
{[%clk 1:13:45]} Kg7 {[%clk 1:05:17]} 20. Qe5+ {[%clk 1:12:25]} Qf6
{[%clk 1:05:41]} 21. Rac1 {[%clk 1:12:03]} Rac8 {[%clk 1:04:55]} 22. Qxf6+
{[%clk 1:08:49]} Kxf6 {[%clk 0:58:34]} 23. Ne5 {[%clk 1:09:10]} a5
{[%clk 0:49:18]} 24. f3 {[%clk 1:08:55]} g5 {[%clk 0:48:21]} 25. hxg5+
{[%clk 1:07:52]} hxg5 {[%clk 0:48:47]} 26. Kf2 {[%clk 1:08:11]} Ke7
{[%clk 0:46:44]} 27. Rh1 {[%clk 0:47:02]} Kd6 {[%clk 0:40:58]} 28. Ke3
{[%clk 0:44:10]} f6 {[%clk 0:37:31]} 29. Nd3 {[%clk 0:44:35]} Rxc1
{[%clk 0:29:58]} 30. Rxc1 {[%clk 0:42:34]} Re8 {[%clk 0:27:47]} 31. b3
{[%clk 0:36:33]} Bh3+ {[%clk 0:24:05]} 32. Kf2 {[%clk 0:36:59]} Bd7
{[%clk 0:24:16]} 33. Nb2 {[%clk 0:32:59]} Bb5 {[%clk 0:23:33]} 34. Rc2
{[%clk 0:33:21]} Rh8 {[%clk 0:23:01]} 35. Nd1 {[%clk 0:33:00]} Rh1
{[%clk 0:18:23]} 36. Ne3 {[%clk 0:32:41]} Ra1 {[%clk 0:15:35]} 37. Rd2
{[%clk 0:27:25]} Bd7 {[%clk 0:12:17]} 38. g4 {[%clk 0:27:07]} Be6
{[%clk 0:11:42]} 39. Kg3 {[%clk 0:21:54]} b5 {[%clk 0:10:32]} 40. f4
{[%clk 0:47:03]} a4 {[%clk 0:37:26]} 41. bxa4 {[%clk 0:44:18]} bxa4
{[%clk 0:37:52]} 42. fxg5 {[%clk 0:42:53]} fxg5 {[%clk 0:38:18]} 43. Rc2
{[%clk 0:38:11]} Rb1 {[%clk 0:35:57]} 44. Nf5+ {[%clk 0:34:33]} Kd7
{[%clk 0:36:15]} 45. Ne3 {[%clk 0:30:03]} Rb4 {[%clk 0:34:28]} 46. Rd2
{[%clk 0:30:19]} Kd6 {[%clk 0:34:36]} 47. Kf3 {[%clk 0:29:56]} Ke7
{[%clk 0:32:08]} 48. Ke2 {[%clk 0:28:46]} Kd6 {[%clk 0:26:50]} 49. Kd3
{[%clk 0:27:20]} Rb1 {[%clk 0:26:42]} 50. Rc2 {[%clk 0:24:44]} Ra1
{[%clk 0:21:27]} 51. Rg2 {[%clk 0:16:45]} Bd7 {[%clk 0:16:59]} 52. Rh2
{[%clk 0:16:45]} Be6 {[%clk 0:15:12]} 53. Kc3 {[%clk 0:15:08]} Re1
{[%clk 0:13:53]} 54. Rh3 {[%clk 0:15:22]} Re2 {[%clk 0:13:43]} 55. a3
{[%clk 0:15:24]} Rf2 {[%clk 0:09:20]} 56. Rh6 {[%clk 0:13:45]} Rf3
{[%clk 0:08:47]} 57. Kd3 {[%clk 0:14:01]} Kd7 {[%clk 0:07:28]} 58. Rh7+
{[%clk 0:13:59]} Kd6 {[%clk 0:07:54]} 59. Rh6 {[%clk 0:12:23]} Kd7
{[%clk 0:07:35]} 60. Rg6 {[%clk 0:12:03]} Bxg4 {[%clk 0:07:45]} 61. Rxg5
{[%clk 0:12:29]} Be6 {[%clk 0:07:53]} 62. Re5 {[%clk 0:12:23]} Kd6
{[%clk 0:07:54]} 63. Kc3 {[%clk 0:12:48]} Rf4 64. Rg5 {[%clk 0:11:19]} Rh4
{[%clk 0:07:05]} 65. Rxd5+ {[%clk 0:10:54]} Bxd5 {[%clk 0:06:56]} 66. Nf5+
{[%clk 0:11:20]} Ke6 {[%clk 0:07:19]} 67. Nxh4 {[%clk 0:11:48]} Be4
{[%clk 0:07:43]} 68. Kb4 {[%clk 0:12:07]} Kd5 {[%clk 0:07:34]} 69. Kxa4
{[%clk 0:12:32]} Kxd4 {[%clk 0:07:56]} 70. Kb5 {[%clk 0:12:47]} Ke5
{[%clk 0:08:16]} 71. a4 {[%clk 0:13:14]} Kf6 {[%clk 0:08:41]} 1/2-1/2